New Hopes for a Changing a World / (Record no. 184877)
[ view plain ]
| 000 -LEADER | |
|---|---|
| fixed length control field | 00533 a2200181 4500 |
| 003 - CONTROL NUMBER IDENTIFIER | |
| control field | Nust |
| 005 - DATE AND TIME OF LATEST TRANSACTION | |
| control field | 20230306095103.0 |
| 040 ## - CATALOGING SOURCE | |
| Transcribing agency | Nust |
| 082 ## - DEWEY DECIMAL CLASSIFICATION NUMBER | |
| Classification number | 320,RUS |
| 100 ## - MAIN ENTRY--PERSONAL NAME | |
| Personal name | Bertrand Russell |
| 9 (RLIN) | 13371 |
| 245 ## - TITLE STATEMENT | |
| Title | New Hopes for a Changing a World / |
| Statement of responsibility, etc. | Bertrand Russell |
| 260 ## - PUBLICATION, DISTRIBUTION, ETC. | |
| Place of publication, distribution, etc. | London |
| Name of publisher, distributor, etc. | George Allen |
| Date of publication, distribution, etc. | 1951 |
| 300 ## - PHYSICAL DESCRIPTION | |
| Extent | 217 p |
| 505 ## - FORMATTED CONTENTS NOTE | |
| Formatted contents note | Man and Nature (Page-9), Man and Man (Page-59), Man and Himself (Page-153). |
| 600 ## - SUBJECT ADDED ENTRY--PERSONAL NAME | |
| Personal name | Bertrand Russell |
| 9 (RLIN) | 13371 |
| 650 ## - SUBJECT ADDED ENTRY--TOPICAL TERM | |
| Topical term or geographic name entry element | New Hopes for a Changing world |
| 9 (RLIN) | 109768 |
| 942 ## - ADDED ENTRY ELEMENTS (KOHA) | |
| Source of classification or shelving scheme | |
| Koha item type | Book |
| Withdrawn status | Lost status | Source of classification or shelving scheme | Damaged status | Not for loan | Permanent Location | Current Location | Shelving location | Date acquired | Full call number | Barcode | Date last seen | Price effective from | Koha item type | Public note |
|---|---|---|---|---|---|---|---|---|---|---|---|---|---|---|
| Military College of Signals (MCS) | Military College of Signals (MCS) | General Stacks | 12/12/2016 | 320,RUS | MCS29587 | 12/08/2016 | 12/12/2016 | Book | Almirah No.73, Shelf No.4 |
